Mathematical notes
Αποθηκεύτηκε σε:
| Κύριος συγγραφέας: | |
|---|---|
| Μορφή: | Βιβλίο |
| Γλώσσα: | English |
| Δημοσίευση: |
London ; Glasgow :
Blackie & Son Limited,
1962, c1957.
|
| Θέματα: | |
| Ετικέτες: |
Προσθήκη ετικέτας
Δεν υπάρχουν, Καταχωρήστε ετικέτα πρώτοι!
|
MARC
| LEADER | 00000cam a2200000 a 4500 | ||
|---|---|---|---|
| 001 | 1/108837 | ||
| 008 | 150923r19621957enk| ||| |||| ||eng|| | ||
| 040 | |a GR-MyUa |b gre |c GR-MyUa |e AACR2 | ||
| 041 | 0 | |a eng | |
| 082 | 7 | |a 510 |2 (23) | |
| 100 | 1 | |a MacDermott, C. F. G. | |
| 245 | 1 | 0 | |a Mathematical notes / |c by C. F. G. MacDermott. |
| 260 | |a London ; Glasgow : |b Blackie & Son Limited, |c 1962, c1957. | ||
| 300 | |a 60 σ. : |b σχέδια ; |c 19 εκ. | ||
| 650 | 0 | |a Mathematics. | |
| 852 | |a INST |b SAMOS |c MAG |e 20150923 |h 510 MAC |p 005300035514 |q 005300035514 |t BK |y 0 | ||
| 970 | |a Σιτζίμη |b Γιασεμή |z 23/09/2015 | ||